TRADE MARK TRADE NAME & PASSING OFF CASES (Record no. 32702)

MARC details
000 -LEADER
fixed length control field 00326nam a22001457a 4500
003 - CONTROL NUMBER IDENTIFIER
control field SGT
020 ## - INTERNATIONAL STANDARD BOOK NUMBER
International Standard Book Number 8171770703
082 ## - DEWEY DECIMAL CLASSIFICATION NUMBER
Classification number 346.54
Item number NAR
100 ## - MAIN ENTRY--PERSONAL NAME
Personal name NARAYANAN P
245 ## - TITLE STATEMENT
Title TRADE MARK TRADE NAME & PASSING OFF CASES
250 ## - EDITION STATEMENT
Edition statement 2
260 ## - PUBLICATION, DISTRIBUTION, ETC. (IMPRINT)
Place of publication, distribution, etc CALCUTTA
Name of publisher, distributor, etc EASTERN BOOK HOUSE
Year of Publication 1997
300 ## - PAGE DESCRIPTION
No. of Pages 2232
942 ## - ADDED ENTRY ELEMENTS (KOHA)
Source of classification or shelving scheme Dewey Decimal Classification
Koha item type Books
Holdings
Withdrawn status Lost status Source of classification or shelving scheme Damaged status Not for loan Collection code Home library Current library Shelving location Date acquired Cost, normal purchase price Volume Information (Serial or Books or Non-Book Material) SGTU Total Checkouts Full call number Accession No. (Barcode) Date last seen Bill Date Koha item type
    Dewey Decimal Classification     LAW SGT Science & Social Sciences Library SGT Science & Social Sciences Library Text Book 16/09/2025 1800.00 1 SGTU   346.54 NAR FL3874 16/09/2025 16/09/2025 Books
    Dewey Decimal Classification     LAW SGT Science & Social Sciences Library SGT Science & Social Sciences Library Text Book 16/09/2025 1800.00 2 SGTU   346.54 NAR FL3875 16/09/2025 16/09/2025 Books